000 00541nam a2200193Ia 4500
005 20250326144801.0
008 250326s9999 xx 000 0 und d
020 _a0-7689-0890-6
037 _aTextbook
040 _aFMSL
_beng
_cFMSL
041 _aeng
_2eng
084 _aT:5oa(X) P2
_qFMSL
100 _aMartinson T H
_9735092
245 0 _aMaster the GRE CAT 2003
_cMartinson T H
260 _aUnited Kingdom
_bUnited Kingdom, Thomson
_c2002
300 _a609p
942 _cTB
_hT:5oa(X) P2
999 _c1305038
_d1305038